000 00784nam a2200253Ia 4500
003 OSt
005 20220923222843.0
006 a|||||r|||| 00| 0
007 ta
008 220922b |||||||| |||| 00| 0 hin d
024 _a208,430
037 _cTextual
040 _aARTS
_cARTS
_bhin
041 _2hin
_ahin
082 _aO152,3NVI,TL, L7
100 _aविराट, विष्णु
_9156318
245 0 _aटूटती लकीरें
246 _aṬūṭatī lakīrean
260 _aमथुरा
_b अमर प्रका0
_c1977
300 _a175पृ.
_ccm.
650 _aहिन्दी साहित्य
_9156264
942 _hO152,3NVI,TL, L7
_cTEXL
_2CC
999 _c359026
_d359026